[Event "46. Villa de Mislata - Open A 2012"]
[Site "Mislata ESP"]
[Date "2012.08.14"]
[Round "3.4"]
[White "Uran Bermudez, Oliver Kevin"]
[Black "Jordan Arenas, Manuel"]
[Result "0-1"]
[WhiteElo "2135"]
[BlackElo "2151"]
[PlyCount "94"]
[EventDate "2012.08.13"]
[EventType "tourn"]
[EventRounds "9"]
[EventCountry "ESP"]
[EventCategory "2"]
[Source "lmi"]
[SourceDate "2012.08.13"]

1. e4 e5 2. Nf3 Nc6 3. Bb5 a6 4. Ba4 Nf6 5. O-O Be7 6. Re1 b5 7. Bb3 d6 8. h3
Na5 9. d4 exd4 10. e5 dxe5 11. Nxe5 O-O 12. Bd2 b4 13. a3 Bb7 14. axb4 Nxb3 15.
cxb3 Nd5 16. Nd3 Bd6 17. Na3 Qf6 18. Nc4 Rad8 19. Qg4 h6 20. Nxd6 Rxd6 21. Re5
Qd8 22. Rae1 Rg6 23. Qe4 Nxb4 24. Qxg6 fxg6 25. Bxb4 Kh7 26. Bxf8 Qxf8 27. Nc5
Bc6 28. b4 Qd6 29. R5e2 a5 30. Rd2 axb4 31. Ne6 d3 32. Re3 Bb5 33. g3 Qc6 34.
Re1 Qd6 35. Nf4 c5 36. b3 Qd4 37. Red1 Qe4 38. Nxd3 Bc6 39. f4 Qh1+ 40. Kf2
Qg2+ 41. Ke1 Qxg3+ 42. Rf2 Bf3 43. Rc1 Be4 44. Nxc5 Qe3+ 45. Kd1 Qxf2 46. Nxe4
Qf3+ 47. Kd2 Qxe4 0-1

[Event "46. Villa de Mislata - Open A 2012"]
[Site "Mislata ESP"]
[Date "2012.08.14"]
[Round "3.5"]
[White "Mingarro Carceller, Sergi"]
[Black "Sanchez Guirado, Francisco"]
[Result "1-0"]
[WhiteElo "2158"]
[BlackElo "2357"]
[PlyCount "45"]
[EventDate "2012.08.13"]
[EventType "tourn"]
[EventRounds "9"]
[EventCountry "ESP"]
[EventCategory "2"]
[Source "lmi"]
[SourceDate "2012.08.13"]

1. e4 c5 2. Nf3 g6 3. d4 cxd4 4. Nxd4 Bg7 5. Nc3 Nc6 6. Be3 Nf6 7. Bc4 O-O 8.
Bb3 d6 9. f3 Bd7 10. Qd2 Nxd4 11. Bxd4 b5 12. h4 a5 13. a4 bxa4 14. Nxa4 Rb8
15. h5 Rxb3 16. cxb3 Nxh5 17. Bxg7 Kxg7 18. Nc3 Be6 19. g4 Nf6 20. Qh6+ Kg8 21.
e5 dxe5 22. Ne4 Re8 23. g5 1-0

[Event "46. Villa de Mislata - Open A 2012"]
[Site "Mislata ESP"]
[Date "2012.08.14"]
[Round "3.6"]
[White "Fenollar Jorda, Manuel"]
[Black "Ribera Cebolla, Marc"]
[Result "1-0"]
[WhiteElo "2326"]
[BlackElo "1865"]
[PlyCount "79"]
[EventDate "2012.08.13"]
[EventType "tourn"]
[EventRounds "9"]
[EventCountry "ESP"]
[EventCategory "2"]
[Source "lmi"]
[SourceDate "2012.08.13"]

1. d4 Nf6 2. c4 c5 3. d5 b5 4. cxb5 a6 5. bxa6 g6 6. Nc3 Bxa6 7. g3 d6 8. Bg2
Bg7 9. Nf3 O-O 10. Rb1 Nbd7 11. O-O Nb6 12. b3 Ra7 13. Re1 Qa8 14. e4 Ne8 15.
Bb2 Nc7 16. Qc2 Nb5 17. Nxb5 Bxb5 18. Bxg7 Kxg7 19. a4 Bd7 20. Nd2 Kg8 21. Rbd1
Rc8 22. Bf1 Rf8 23. Nc4 Nxc4 24. Bxc4 f6 25. f4 Qb7 26. e5 Bf5 27. Qe2 fxe5 28.
fxe5 h5 29. Rf1 Qb4 30. Qe3 Kg7 31. Rf4 Qb8 32. Rdf1 Kh7 33. e6 Rf6 34. h3 Qf8
35. g4 hxg4 36. hxg4 Bc2 37. Rxf6 exf6 38. Qc3 Be4 39. Qe3 f5 40. Qxe4 1-0

[Event "46. Villa de Mislata - Open A 2012"]
[Site "Mislata ESP"]
[Date "2012.08.14"]
[Round "3.7"]
[White "Gonzalvez Perales, Jose Luis"]
[Black "Sanchez Saez, Francisco"]
[Result "0-1"]
[WhiteElo "2028"]
[BlackElo "2289"]
[PlyCount "53"]
[EventDate "2012.08.13"]
[EventType "tourn"]
[EventRounds "9"]
[EventCountry "ESP"]
[EventCategory "2"]
[Source "lmi"]
[SourceDate "2012.08.13"]

1. e4 g6 2. d4 Bg7 3. f4 c5 4. Nf3 cxd4 5. Nxd4 Nc6 6. Nb3 d6 7. Nc3 Nf6 8. Bd3
O-O 9. O-O a5 10. a4 Nb4 11. Kh1 b6 12. Be3 Bb7 13. f5 Nd7 14. Rf3 d5 15. Bd4
Ne5 16. Rh3 Nexd3 17. cxd3 f6 18. fxg6 hxg6 19. Rg3 g5 20. h4 e5 21. Bxe5 fxe5
22. Rxg5 Qf6 23. Qg4 Nxd3 24. Kg1 d4 25. Nd5 Bxd5 26. exd5 Ra7 27. Rf5 0-1

[Event "46. Villa de Mislata - Open A 2012"]
[Site "Mislata ESP"]
[Date "2012.08.14"]
[Round "3.8"]
[White "Nieves Cabanes, Javier"]
[Black "Garcia Trobat, Francisco"]
[Result "0-1"]
[WhiteElo "2016"]
[BlackElo "2257"]
[PlyCount "66"]
[EventDate "2012.08.13"]
[EventType "tourn"]
[EventRounds "9"]
[EventCountry "ESP"]
[EventCategory "2"]
[Source "lmi"]
[SourceDate "2012.08.13"]

1. d4 Nf6 2. c4 e6 3. Nc3 Bb4 4. e3 Bxc3+ 5. bxc3 b6 6. Bd3 Bb7 7. f3 Nc6 8.
Ne2 d6 9. e4 Qd7 10. Be3 Na5 11. Rb1 Ba6 12. Rb4 c5 13. Ra4 cxd4 14. cxd4 d5
15. Rxa5 bxa5 16. cxd5 Bxd3 17. Qxd3 exd5 18. e5 Ng8 19. O-O Ne7 20. Ng3 O-O
21. f4 f5 22. exf6 Rxf6 23. Bd2 Raf8 24. Nh5 Rh6 25. Ng3 Nf5 26. Bxa5 Nxg3 27.
hxg3 Qa4 28. Qd2 Rc8 29. Rb1 Ra6 30. Bb4 Rb6 31. Qe1 Re8 32. Qc3 a5 33. Qc5
Rxb4 0-1

[Event "46. Villa de Mislata - Open A 2012"]
[Site "Mislata ESP"]
[Date "2012.08.14"]
[Round "3.9"]
[White "Mingo Fernandez, Matias"]
[Black "Rubio Tent, Francisco"]
[Result "1-0"]
[WhiteElo "2216"]
[BlackElo "2104"]
[PlyCount "87"]
[EventDate "2012.08.13"]
[EventType "tourn"]
[EventRounds "9"]
[EventCountry "ESP"]
[EventCategory "2"]
[Source "lmi"]
[SourceDate "2012.08.13"]

1. d4 d5 2. Bf4 Nf6 3. e3 Bf5 4. c4 c6 5. Nc3 e6 6. Qb3 Qc8 7. Rc1 Nbd7 8. h3
dxc4 9. Bxc4 Nb6 10. Be2 Be7 11. Nf3 h6 12. Bh2 O-O 13. O-O Ne4 14. Nxe4 Bxe4
15. Nd2 Bg6 16. a4 Nd5 17. a5 Bb4 18. Nc4 Bh7 19. Bf3 Be7 20. Rfd1 Rd8 21. Bg3
Nb4 22. Ne5 Rf8 23. Nc4 Rd8 24. h4 Qd7 25. Ne5 Qc8 26. Rc4 Na6 27. Nxc6 bxc6
28. Rxc6 Rb8 29. Qc4 Qd7 30. Qxa6 Rxb2 31. Rc7 Qe8 32. Qxa7 Bb4 33. Bh5 g6 34.
Bf3 Ra2 35. a6 Ba5 36. Re7 Qf8 37. Rd7 Bb6 38. Qb7 Rxd7 39. Qxd7 Rxa6 40. Qb7
Qa3 41. Qc8+ Kg7 42. Be5+ f6 43. Qd7+ Kg8 44. Qxe6+ 1-0

[Event "46. Villa de Mislata - Open A 2012"]
[Site "Mislata ESP"]
[Date "2012.08.14"]
[Round "3.10"]
[White "Diez Fraile, David"]
[Black "Gimenez Ruiz, Jesus"]
[Result "1-0"]
[WhiteElo "2202"]
[BlackElo "1753"]
[PlyCount "79"]
[EventDate "2012.08.13"]
[EventType "tourn"]
[EventRounds "9"]
[EventCountry "ESP"]
[EventCategory "2"]
[Source "lmi"]
[SourceDate "2012.08.13"]

1. e4 e5 2. Nf3 Nf6 3. Nc3 Nc6 4. Bb5 d6 5. d4 Bd7 6. O-O Be7 7. Re1 O-O 8.
Bxc6 Bxc6 9. dxe5 dxe5 10. Qxd8 Raxd8 11. Nxe5 Bxe4 12. Nxe4 Nxe4 13. Nd3 f5
14. f3 Bc5+ 15. Kf1 Rxd3 16. cxd3 Nf6 17. Be3 Bd6 18. a3 Nd5 19. Bd2 Nb6 20.
Bc3 Nd7 21. Ke2 Ne5 22. f4 Ng4 23. h3 Nf6 24. Kf3 Kf7 25. Re2 Nd7 26. Rae1 Nc5
27. Be5 Nxd3 28. Rd1 Nxe5+ 29. fxe5 Be7 30. Rd7 Rc8 31. Rc2 c5 32. Rxb7 Ra8 33.
Rxc5 Ke6 34. Ra5 g5 35. Ra6+ Kf7 36. Raxa7 Rxa7 37. Rxa7 Ke6 38. a4 h5 39.
Rxe7+ Kxe7 40. a5 1-0

[Event "46. Villa de Mislata - Open A 2012"]
[Site "Mislata ESP"]
[Date "2012.08.15"]
[Round "4.1"]
[White "Serna Lara, Sergio"]
[Black "Aymerich Rosell, Pablo"]
[Result "1/2-1/2"]
[WhiteElo "2234"]
[BlackElo "2159"]
[PlyCount "36"]
[EventDate "2012.08.13"]
[EventType "tourn"]
[EventRounds "9"]
[EventCountry "ESP"]
[EventCategory "2"]
[Source "lmi"]
[SourceDate "2012.08.13"]

1. d4 Nf6 2. c4 e6 3. Nf3 d5 4. Nc3 Bb4 5. cxd5 exd5 6. Bg5 Nbd7 7. e3 c5 8.
Qc2 Qa5 9. Bd3 c4 10. Bf5 O-O 11. O-O Re8 12. Nd2 g6 13. Bh3 Kg7 14. Bh4 h6 15.
Bg3 Nh5 16. e4 Nxg3 17. hxg3 Bxc3 18. bxc3 Nb6 1/2-1/2

[Event "46. Villa de Mislata - Open A 2012"]
[Site "Mislata ESP"]
[Date "2012.08.15"]
[Round "4.2"]
[White "Sos Andreu, Eric"]
[Black "Jordan Arenas, Manuel"]
[Result "1/2-1/2"]
[WhiteElo "2165"]
[BlackElo "2151"]
[PlyCount "79"]
[EventDate "2012.08.13"]
[EventType "tourn"]
[EventRounds "9"]
[EventCountry "ESP"]
[EventCategory "2"]
[Source "lmi"]
[SourceDate "2012.08.13"]

1. d4 Nf6 2. c4 e6 3. g3 d5 4. Nf3 dxc4 5. Bg2 Bb4+ 6. Bd2 a5 7. O-O O-O 8. Qc2
Bxd2 9. Nbxd2 b5 10. b3 cxb3 11. axb3 Nd5 12. Rfc1 c6 13. Ne4 f6 14. Nc5 Na6
15. Qd2 Nxc5 16. Rxc5 Ra6 17. Ne1 Nb4 18. Qc3 Bd7 19. Nd3 Nxd3 20. Qxd3 Qe7 21.
Qc3 Rfa8 22. Bxc6 Bxc6 23. Rxc6 R6a7 24. Rb6 Rc7 25. Qf3 Rd8 26. Rxa5 Qb4 27.
Raxb5 Qe1+ 28. Kg2 Rc1 29. Qe3 Qf1+ 30. Kf3 Qh1+ 31. Kg4 h5+ 32. Rxh5 f5+ 33.
Kg5 Rc6 34. Rb7 Rd5 35. Qf3 Qc1+ 36. Qf4 Rxd4 37. Rb8+ Kf7 38. Rb7+ Kg8 39.
Rb8+ Kf7 40. Rb7+ 1/2-1/2

[Event "46. Villa de Mislata - Open A 2012"]
[Site "Mislata ESP"]
[Date "2012.08.15"]
[Round "4.3"]
[White "Fenollar Jorda, Manuel"]
[Black "Crecente Penalba, Jose Manuel"]
[Result "1-0"]
[WhiteElo "2326"]
[BlackElo "2107"]
[PlyCount "77"]
[EventDate "2012.08.13"]
[EventType "tourn"]
[EventRounds "9"]
[EventCountry "ESP"]
[EventCategory "2"]
[Source "lmi"]
[SourceDate "2012.08.13"]

1. d4 Nf6 2. c4 e6 3. Nc3 Bb4 4. e3 O-O 5. Bd3 d5 6. Nge2 c5 7. cxd5 exd5 8. a3
cxd4 9. exd4 Be7 10. Ng3 Nc6 11. Nf5 Bxf5 12. Bxf5 Qb6 13. Ne2 Rfe8 14. O-O
Rad8 15. b4 Ne4 16. Be3 Bf6 17. Rc1 Nd6 18. Bd3 g6 19. Nc3 Nc4 20. Nxd5 Rxd5
21. Bxc4 Rh5 22. Be2 Rh4 23. g3 Rxd4 24. Bxd4 Nxd4 25. Re1 Kg7 26. Kg2 h5 27.
h4 Rd8 28. Bf3 Kg8 29. Qd3 Kg7 30. Qe4 Nxf3 31. Qxf3 a5 32. Rc4 Rd2 33. Re2 Rd8
34. Rf4 Rd6 35. Re8 Qb5 36. Rb8 axb4 37. Rxb7 Qa6 38. axb4 Qa1 39. Qb3 1-0

[Event "46. Villa de Mislata - Open A 2012"]
[Site "Mislata ESP"]
[Date "2012.08.15"]
[Round "4.4"]
[White "Mingo Fernandez, Matias"]
[Black "Kovacevic, Slobodan"]
[Result "0-1"]
[WhiteElo "2216"]
[BlackElo "2300"]
[PlyCount "114"]
[EventDate "2012.08.13"]
[EventType "tourn"]
[EventRounds "9"]
[EventCountry "ESP"]
[EventCategory "2"]
[Source "lmi"]
[SourceDate "2012.08.13"]

1. d4 Nf6 2. Bf4 e6 3. e3 c5 4. c3 Be7 5. Nd2 b6 6. h3 Bb7 7. Ngf3 a6 8. Be2
O-O 9. O-O d6 10. Bh2 Nbd7 11. b4 b5 12. a4 c4 13. Qc2 Qc7 14. Ne1 e5 15. a5 g6
16. Nef3 Rfe8 17. Bg3 Nh5 18. Bh2 Bf8 19. dxe5 dxe5 20. Ng5 Nhf6 21. Bf3 Nd5
22. Bxd5 Bxd5 23. e4 Bc6 24. Rfe1 Bh6 25. Ngf3 Qb7 26. Re2 Re6 27. Nf1 Rae8 28.
Rae1 Rd6 29. Bg3 Rd3 30. Bh4 f6 31. N1h2 Bg7 32. Re3 Rd6 33. R3e2 Nf8 34. Ng4
h5 35. Ngh2 g5 36. Bg3 h4 37. Bxe5 fxe5 38. Nxg5 Red8 39. Ngf3 Ng6 40. Ng4 Qd7
41. Qc1 Nf4 42. Re3 Qe7 43. Qc2 Be8 44. Kh2 Bd7 45. g3 hxg3+ 46. fxg3 Nd3 47.
Rf1 Bxg4 48. hxg4 Qe6 49. g5 Qg4 50. Qg2 Qh5+ 51. Qh3 Qxh3+ 52. Kxh3 Nb2 53.
Nh4 Rd3 54. Re2 Nd1 55. Nf5 Bf8 56. Kg4 Rd2 57. Rfe1 Nxc3 0-1

[Event "46. Villa de Mislata - Open A 2012"]
[Site "Mislata ESP"]
[Date "2012.08.15"]
[Round "4.5"]
[White "Sanchez Saez, Francisco"]
[Black "Diez Fraile, David"]
[Result "1-0"]
[WhiteElo "2289"]
[BlackElo "2202"]
[PlyCount "76"]
[EventDate "2012.08.13"]
[EventType "tourn"]
[EventRounds "9"]
[EventCountry "ESP"]
[EventCategory "2"]
[Source "lmi"]
[SourceDate "2012.08.13"]

1. e4 c5 2. Nf3 d6 3. d4 cxd4 4. Nxd4 Nf6 5. Nc3 g6 6. Be3 Bg7 7. f3 O-O 8. Qd2
Nc6 9. O-O-O Bd7 10. g4 Rc8 11. h4 Ne5 12. Kb1 Qa5 13. Nb3 Qc7 14. Be2 b5 15.
h5 b4 16. Nd5 Nxd5 17. exd5 a5 18. Bh6 Bxh6 19. Qxh6 Qxc2+ 20. Ka1 Qxe2 21.
hxg6 Qxd1+ 22. Rxd1 fxg6 23. Nd4 Rf7 24. Rh1 Rc5 25. Ne6 Bxe6 26. dxe6 Rg7 27.
Qe3 h5 28. Qe4 Nc6 29. b3 Rc3 30. g5 Rc5 31. Kb2 d5 32. Qf4 Rh7 33. Rc1 Rc3 34.
Rxc3 bxc3+ 35. Kxc3 h4 36. Qc7 h3 37. Qxc6 h2 38. Qe8+ Kg7 1-0

[Event "46. Villa de Mislata - Open A 2012"]
[Site "Mislata ESP"]
[Date "2012.08.15"]
[Round "4.6"]
[White "Picazo Lopez, Juan Antonio"]
[Black "Montoliu Cervero, Francisco"]
[Result "1/2-1/2"]
[WhiteElo "2159"]
[BlackElo "2270"]
[PlyCount "59"]
[EventDate "2012.08.13"]
[EventType "tourn"]
[EventRounds "9"]
[EventCountry "ESP"]
[EventCategory "2"]
[Source "lmi"]
[SourceDate "2012.08.13"]

1. d4 d5 2. Nf3 Nf6 3. c4 c6 4. e3 g6 5. Nc3 Bg7 6. Bd3 O-O 7. O-O Bg4 8. h3
Bxf3 9. Qxf3 dxc4 10. Bxc4 Nbd7 11. Rd1 e5 12. d5 e4 13. Nxe4 Nxe4 14. Qxe4 Nb6
15. Bb3 cxd5 16. Bxd5 Nxd5 17. Rxd5 Qc7 18. Qd3 Rad8 19. e4 Rxd5 20. exd5 Qd6
21. Be3 b6 22. Rb1 Rd8 23. b3 Qxd5 24. Qxd5 Rxd5 25. Rc1 h5 26. Kf1 Rd7 27. Rc4
Kf8 28. Ke2 Ke7 29. g4 hxg4 30. hxg4 1/2-1/2

[Event "46. Villa de Mislata - Open A 2012"]
[Site "Mislata ESP"]
[Date "2012.08.15"]
[Round "4.7"]
[White "Garcia Trobat, Francisco"]
[Black "Mingarro Carceller, Sergi"]
[Result "1-0"]
[WhiteElo "2257"]
[BlackElo "2158"]
[PlyCount "121"]
[EventDate "2012.08.13"]
[EventType "tourn"]
[EventRounds "9"]
[EventCountry "ESP"]
[EventCategory "2"]
[Source "lmi"]
[SourceDate "2012.08.13"]

1. d4 e6 2. Nf3 Nf6 3. c4 d5 4. Nc3 Bb4 5. Bg5 Nbd7 6. cxd5 exd5 7. Nd2 c6 8.
e3 O-O 9. Qc2 Re8 10. Bd3 Nf8 11. O-O h6 12. Bh4 Bd6 13. Bg3 Bg4 14. Rab1 Bh5
15. b4 b6 16. Rfc1 Rc8 17. Bf5 Bg6 18. Ne2 Ne4 19. Bxg6 Nxg6 20. Nxe4 Rxe4 21.
Qa4 Re6 22. Rc3 Bf8 23. Rbc1 Qd7 24. a3 h5 25. h3 h4 26. Bh2 Rf6 27. Qc2 Ne7
28. Be5 Rg6 29. Kh1 Nf5 30. Nf4 Rh6 31. Nxd5 f6 32. Bf4 Rg6 33. Nc7 Ne7 34.
Qb3+ Kh8 35. Qf7 Qf5 36. Qe6 Qxe6 37. Nxe6 f5 38. Nxf8 Rxf8 39. Be5 Re6 40. f4
Ra8 41. g4 a5 42. e4 axb4 43. axb4 fxe4 44. f5 Rxe5 45. dxe5 Nd5 46. Rxc6 Ra3
47. Kh2 Rf3 48. e6 Kh7 49. R6c4 e3 50. Re4 Nf4 51. Rxf4 Rxf4 52. Re1 Re4 53.
Kg2 Kg8 54. Kf3 Rxb4 55. Rxe3 Kf8 56. g5 Rc4 57. f6 Rc8 58. Kg4 b5 59. Kh5 b4
60. Kg6 Rc6 61. e7+ 1-0

[Event "46. Villa de Mislata - Open A 2012"]
[Site "Mislata ESP"]
[Date "2012.08.15"]
[Round "4.8"]
[White "Diaz Velandia, Jose Manuel"]
[Black "Uran Bermudez, Oliver Kevin"]
[Result "1/2-1/2"]
[WhiteElo "2251"]
[BlackElo "2135"]
[PlyCount "33"]
[EventDate "2012.08.13"]
[EventType "tourn"]
[EventRounds "9"]
[EventCountry "ESP"]
[EventCategory "2"]
[Source "lmi"]
[SourceDate "2012.08.13"]

1. d4 e5 2. dxe5 Nc6 3. Nf3 Qe7 4. Nc3 Nxe5 5. Nxe5 Qxe5 6. Qd5 Bd6 7. Bg5 f6
8. Bd2 Qxd5 9. Nxd5 Ne7 10. Nc3 Be5 11. O-O-O d5 12. e4 dxe4 13. Nxe4 Bf5 14.
Ng3 Bd7 15. f4 Bd6 16. Ne4 O-O-O 17. Bb4 1/2-1/2

[Event "46. Villa de Mislata - Open A 2012"]
[Site "Mislata ESP"]
[Date "2012.08.15"]
[Round "4.9"]
[White "Nieto Tornero, Jose"]
[Black "Peña Riasco, Alexander"]
[Result "0-1"]
[WhiteElo "1993"]
[BlackElo "2237"]
[PlyCount "40"]
[EventDate "2012.08.13"]
[EventType "tourn"]
[EventRounds "9"]
[EventCountry "ESP"]
[EventCategory "2"]
[Source "lmi"]
[SourceDate "2012.08.13"]

1. e4 d5 2. exd5 Qxd5 3. Nc3 Qa5 4. d4 Nf6 5. Bc4 Nc6 6. d5 Nb4 7. Be3 Bf5 8.
Bb5+ Kd8 9. Rc1 Nxa2 10. d6 exd6 11. Bc4 Nxc1 12. Bxf7 Nd3+ 13. cxd3 Qb4 14.
Qd2 Be7 15. Nf3 Rf8 16. Ng5 h6 17. Be6 hxg5 18. Bxf5 Ng4 19. Bxg5 Rxf5 20.
Bxe7+ Kxe7 0-1

[Event "46. Villa de Mislata - Open A 2012"]
[Site "Mislata ESP"]
[Date "2012.08.15"]
[Round "4.10"]
[White "Sanchez Guirado, Francisco"]
[Black "Castellanos Palop, David"]
[Result "1/2-1/2"]
[WhiteElo "2357"]
[BlackElo "1935"]
[PlyCount "53"]
[EventDate "2012.08.13"]
[EventType "tourn"]
[EventRounds "9"]
[EventCountry "ESP"]
[EventCategory "2"]
[Source "lmi"]
[SourceDate "2012.08.13"]

1. d4 d5 2. Nf3 Nf6 3. c4 c6 4. e3 Bf5 5. Nc3 e6 6. Nh4 Bg6 7. Nxg6 hxg6 8. Rb1
Nbd7 9. b4 a5 10. b5 Bb4 11. Bd2 c5 12. a3 Bxa3 13. cxd5 exd5 14. dxc5 Nxc5 15.
b6 Nfe4 16. Nb5 Nxd2 17. Qxd2 Bb4 18. Rxb4 axb4 19. Nc7+ Ke7 20. Nxa8 Qxa8 21.
Qd4 Qa5 22. Qe5+ Ne6 23. Bd3 Qxb6 24. Qxd5 Qc6 25. Qb3 Qc3+ 26. Qxc3 bxc3 27.
Ke2 1/2-1/2

[Event "46. Villa de Mislata - Open A 2012"]
[Site "Mislata ESP"]
[Date "2012.08.16"]
[Round "5.1"]
[White "Aymerich Rosell, Pablo"]
[Black "Sos Andreu, Eric"]
[Result "1/2-1/2"]
[WhiteElo "2159"]
[BlackElo "2165"]
[PlyCount "23"]
[EventDate "2012.08.13"]
[EventType "tourn"]
[EventRounds "9"]
[EventCountry "ESP"]
[EventCategory "2"]
[Source "lmi"]
[SourceDate "2012.08.13"]

1. c4 c5 2. Nc3 Nc6 3. g3 g6 4. Bg2 Bg7 5. Nf3 Nf6 6. O-O O-O 7. d3 d6 8. Ne1
Rb8 9. Rb1 Bd7 10. a3 Ne8 11. Bd2 a6 12. b4 1/2-1/2

[Event "46. Villa de Mislata - Open A 2012"]
[Site "Mislata ESP"]
[Date "2012.08.16"]
[Round "5.2"]
[White "Kovacevic, Slobodan"]
[Black "Sanchez Saez, Francisco"]
[Result "0-1"]
[WhiteElo "2300"]
[BlackElo "2289"]
[PlyCount "112"]
[EventDate "2012.08.13"]
[EventType "tourn"]
[EventRounds "9"]
[EventCountry "ESP"]
[EventCategory "2"]
[Source "lmi"]
[SourceDate "2012.08.13"]

1. d4 Nf6 2. Nf3 g6 3. Bg5 Bg7 4. Nbd2 O-O 5. c3 d6 6. e4 Nbd7 7. Bc4 e5 8.
dxe5 dxe5 9. O-O h6 10. Bh4 Qe8 11. Re1 Nh5 12. Nf1 Nf4 13. Ne3 Nf6 14. Nd2 Kh8
15. f3 N6h5 16. b4 f5 17. a4 Ne6 18. Qc2 f4 19. Ng4 Ng5 20. Bf2 Bxg4 21. fxg4
Nf6 22. h3 h5 23. Bh4 Nfh7 24. Be2 Bf6 25. Bf2 Kg7 26. h4 Ne6 27. g5 Bxg5 28.
hxg5 Nhxg5 29. Rad1 Qe7 30. Nf3 Nxf3+ 31. gxf3 g5 32. Kg2 g4 33. Rh1 g3 34. Bg1
h4 35. Rd5 h3+ 36. Rxh3 Rh8 37. Rxh8 Rxh8 38. Bc4 Qh4 39. Kf1 Kf6 40. Qg2 Rh7
41. Rd1 Ng5 42. a5 Qh5 43. Rd3 Qe8 44. Bb3 Qh8 45. Ke2 Rh1 46. Rd2 Qh5 47. Bc2
b6 48. axb6 axb6 49. Rd1 Qh3 50. Qxh3 Nxh3 51. Bxb6 g2 52. Rg1 Nxg1+ 53. Kf2
Nxf3 54. Kxg2 Rh2+ 55. Kxf3 Rxc2 56. Bc5 Kg5 0-1

[Event "46. Villa de Mislata - Open A 2012"]
[Site "Mislata ESP"]
[Date "2012.08.16"]
[Round "5.3"]
[White "Jordan Arenas, Manuel"]
[Black "Montoliu Cervero, Francisco"]
[Result "1-0"]
[WhiteElo "2151"]
[BlackElo "2270"]
[PlyCount "129"]
[EventDate "2012.08.13"]
[EventType "tourn"]
[EventRounds "9"]
[EventCountry "ESP"]
[EventCategory "2"]
[Source "lmi"]
[SourceDate "2012.08.13"]

1. d4 Nf6 2. c4 e6 3. Nf3 Bb4+ 4. Nbd2 O-O 5. a3 Bxd2+ 6. Bxd2 a5 7. Qc2 b6 8.
e3 Bb7 9. Bd3 d6 10. O-O Nbd7 11. Bc3 Re8 12. Rad1 a4 13. Rfe1 Qe7 14. e4 e5
15. d5 Nc5 16. Nd2 Nh5 17. Bf1 Bc8 18. g3 Bg4 19. f3 Bd7 20. Bg2 Qg5 21. Nf1 f5
22. exf5 Bxf5 23. Qd2 Qxd2 24. Rxd2 Nf6 25. g4 Bg6 26. Re3 Bf7 27. Ng3 h6 28.
Bf1 b5 29. h4 bxc4 30. Bxc4 c6 31. dxc6 Bxc4 32. Rxd6 Rac8 33. Rxe5 Rxe5 34.
Bxe5 Ne8 35. Rd4 Be6 36. c7 Nxc7 37. Ne4 Nxe4 38. Rxe4 Bb3 39. Rb4 Ne6 40. f4
Nc5 41. Rd4 Kf7 42. Rd6 Be6 43. f5 Bd7 44. Bd4 Bb5 45. Rg6 Nb3 46. Rxg7+ Kf8
47. Bf6 Nd2 48. Rh7 Rc1+ 49. Kh2 Nf1+ 50. Kg2 Bc6+ 51. Kf2 Nh2 52. Kg3 Rc2 53.
g5 Nf1+ 54. Kf4 Re2 55. gxh6 Re4+ 56. Kg5 Ne3 57. Bg7+ Kg8 58. Rh8+ Kf7 59.
Rf8+ Ke7 60. h7 Rg4+ 61. Kh5 Bf3 62. h8=Q Rc4+ 63. Kg6 Rg4+ 64. Kh7 Rxh4+ 65.
Bh6 1-0

[Event "46. Villa de Mislata - Open A 2012"]
[Site "Mislata ESP"]
[Date "2012.08.16"]
[Round "5.4"]
[White "Crecente Penalba, Jose Manuel"]
[Black "Picazo Lopez, Juan Antonio"]
[Result "0-1"]
[WhiteElo "2107"]
[BlackElo "2159"]
[PlyCount "74"]
[EventDate "2012.08.13"]
[EventType "tourn"]
[EventRounds "9"]
[EventCountry "ESP"]
[EventCategory "2"]
[Source "lmi"]
[SourceDate "2012.08.13"]

1. d4 d6 2. Nf3 Bg4 3. e4 Nd7 4. Be2 c6 5. O-O Ngf6 6. Nc3 e5 7. Re1 Be7 8. Be3
O-O 9. Qd2 Re8 10. Rad1 Qc7 11. Qd3 Bf8 12. dxe5 Bxf3 13. exf6 Bxe2 14. Rxe2
Nxf6 15. Bf4 Re6 16. Red2 Rd8 17. f3 Nh5 18. Bg5 h6 19. Bh4 g5 20. Bg3 Nxg3 21.
hxg3 Bg7 22. Kf1 Qa5 23. Ne2 Qxa2 24. Nd4 Bxd4 25. Qxd4 Qa5 26. b4 Qe5 27. Qxa7
Qb5+ 28. Kg1 Qxb4 29. Rd4 Qc5 30. Qxb7 Qxc2 31. Qb6 d5 32. R4d2 Qc4 33. Rd4 Qc3
34. R4d3 Qe5 35. exd5 cxd5 36. Qd4 Qxg3 37. Rf1 Re2 0-1

[Event "46. Villa de Mislata - Open A 2012"]
[Site "Mislata ESP"]
[Date "2012.08.16"]
[Round "5.5"]
[White "Peña Riasco, Alexander"]
[Black "Mingo Fernandez, Matias"]
[Result "0-1"]
[WhiteElo "2237"]
[BlackElo "2216"]
[PlyCount "80"]
[EventDate "2012.08.13"]
[EventType "tourn"]
[EventRounds "9"]
[EventCountry "ESP"]
[EventCategory "2"]
[Source "lmi"]
[SourceDate "2012.08.13"]

1. e4 e6 2. d4 d5 3. Nd2 Nf6 4. e5 Nfd7 5. Bd3 c5 6. c3 Nc6 7. Ne2 a5 8. O-O
Be7 9. f4 Qb6 10. Nf3 Ndb8 11. Kh1 Bd7 12. dxc5 Bxc5 13. Ng5 g6 14. b3 Ne7 15.
Qe1 h6 16. Nf3 Nbc6 17. Bd2 Nf5 18. Bxf5 exf5 19. Rd1 Nd8 20. Ned4 Ne6 21. Be3
Rc8 22. a3 Qd8 23. c4 dxc4 24. Nxe6 fxe6 25. Bxc5 Rxc5 26. bxc4 O-O 27. Qg3 Kh7
28. Rd4 Qe7 29. Rfd1 Ba4 30. R1d2 Rfc8 31. Nh4 g5 32. fxg5 Qxg5 33. Qd3 Rxc4
34. Nf3 Rc1+ 35. Ng1 Bc6 36. h4 Qg7 37. Qe2 Rg8 38. Rd6 Qg3 39. R2d3 Qxh4+ 40.
Rh3 Qxh3# 0-1

[Event "46. Villa de Mislata - Open A 2012"]
[Site "Mislata ESP"]
[Date "2012.08.16"]
[Round "5.6"]
[White "Castellanos Palop, David"]
[Black "Diaz Velandia, Jose Manuel"]
[Result "0-1"]
[WhiteElo "1935"]
[BlackElo "2251"]
[PlyCount "88"]
[EventDate "2012.08.13"]
[EventType "tourn"]
[EventRounds "9"]
[EventCountry "ESP"]
[EventCategory "2"]
[Source "lmi"]
[SourceDate "2012.08.13"]

1. d4 d5 2. c4 e6 3. cxd5 exd5 4. Nc3 c6 5. Qc2 Nf6 6. Bg5 Be7 7. e3 O-O 8. Bd3
h6 9. Bh4 Re8 10. Nf3 Nbd7 11. O-O Ne4 12. Bxe7 Qxe7 13. a3 f5 14. b4 a6 15.
Rab1 g5 16. a4 g4 17. Nd2 Ndf6 18. b5 axb5 19. axb5 Bd7 20. bxc6 Bxc6 21. Ndxe4
fxe4 22. Bb5 Rec8 23. Bxc6 Rxc6 24. Qb3 Qf7 25. Ne2 Rb8 26. Nf4 b5 27. Qa3 Nh5
28. Nxh5 Qxh5 29. Qa7 Qe8 30. Rb3 Qc8 31. Rbb1 Qc7 32. Qa2 Rc4 33. Qa6 Qb6 34.
Qa2 b4 35. Qe2 Qg6 36. Rfc1 Rbc8 37. Rxc4 Rxc4 38. g3 h5 39. Qa2 Qf7 40. Qa8+
Kg7 41. Qb8 Rc2 42. Qe5+ Kh7 43. Rf1 b3 44. Qb8 b2 0-1